000 01373nam a2200385 i 4500
999 _c2871
_d2828
008 161202t20022002tu a b 000 | tur d
020 _a9755701613
040 _aİmren Ahmet Tüzün Kütühanesi
041 _atur
050 _aPL248.E35765
100 1 _aEkici, Armağan.
245 1 0 _aArazi Marazi
_cArmağan Ekici, Enis Batur, Levent Şentürk, Levent Yılmaz, Nuri Sağlam, Oğuz Demiralp, Selehattin Özpalabıyıklar ; kapak tasarım Nahide Dikel.
250 _aBirinci Baskı: Mayıs 2002.
260 _aİstanbul:
_bSel Yayıncılık,
_cMayıs 2002
300 _a99 Sayfa :
_c20 cm.
500 _aSel Yayıncılık : 162 Geceyarısı : 18
650 0 _aTürk Edebiyatı
_9145
650 0 _aTurkish essays.
700 1 _aBatur, Enis.
_4aut
700 1 _aŞentürk, Levent.
_4aut
700 1 _aYılmaz, Levent.
_4aut
700 1 _aSağlam, Nuri.
_4aut
700 1 _aDemiralp, Oğuz.
_4aut
700 1 _aÖzpalabıyıklar, Selehattin.
_4aut
700 1 _aDikel, Nahide.
_4cov
942 _2lcc
_cBK
264 1 _aİstanbul :
_bSel Yayıncılık,
_c2002, é2002.
264 4 _cé2002
336 _atext
_2rdacontent
337 _aunmediated
_2rdamedia
338 _avolume
_2rdacarrier
490 1 _aSel Yayıncılık: 162. Geceyarısı: 18
504 _aIncludes bibliyographical references.
830 0 _aSel Yayıncılık (Series)